[Event "SC-2021-0-00404"]
[Site "LSS email"]
[Date "2021.04.20"]
[Round "?"]
[White "Martin, Simone"]
[Black "Egorov, Vladimir Al"]
[Result "1/2-1/2"]
[WhiteElo "1648"]
[BlackElo "1790"]
[PlyCount "91"]
[EventDate "2021.02.18"]
[EventType "tourn (corr)"]
[EventRounds "6"]
[EventCountry "GER"]
[SourceTitle "Corr 2024"]
[Source "ChessBase"]
[SourceDate "2023.10.19"]
[SourceVersion "1"]
[SourceVersionDate "2023.10.19"]
[SourceQuality "1"]

1. e4 c6 2. d4 d5 3. Nc3 dxe4 4. Nxe4 Bf5 5. Ng3 Bg6 6. h4 h6 7. Nf3 Nd7 8. h5 Bh7 9. Bd3 Bxd3 10. Qxd3 e6 11. Bf4 Qa5+ 12. Bd2 Bb4 13. c3 Be7 14. c4 Qc7 15. Ne4 Ngf6 16. 0-0-0 Rd8 17. Kb1 0-0 18. Nxf6+ Nxf6 19. Qe2 c5 20. Bc3 cxd4 21. Bxd4 Rd6 22. Rc1 Qa5 23. Qe5 Qxe5 24. Bxe5 Rc6 25. b3 a6 26. Bc3 Ne4 27. Ne5 Rcc8 28. Be1 Bd6 29. Nd3 Ba3 30. Rc2 Rfd8 31. Nb2 f5 32. f3 Nf6 33. Ba5 Rd6 34. Bc3 Kf7 35. g4 b5 36. gxf5 exf5 37. Bxf6 Kxf6 38. cxb5 Rxc2 39. Kxc2 Bxb2 40. Kxb2 axb5 41. Kc3 Kg5 42. Kb4 Rd5 43. a4 bxa4 44. bxa4 Kf4 45. Rf1 Rd2 46. a5 1/2-1/2

[Event "SC-2021-0-00404"]
[Site "LSS email"]
[Date "2021.04.11"]
[Round "?"]
[White "Egorov, Vladimir Al"]
[Black "Carlsen, Jan"]
[Result "1/2-1/2"]
[WhiteElo "1790"]
[BlackElo "1725"]
[PlyCount "58"]
[EventDate "2021.02.18"]
[EventType "tourn (corr)"]
[EventRounds "6"]
[EventCountry "GER"]
[SourceTitle "Corr 2024"]
[Source "ChessBase"]
[SourceDate "2023.10.19"]
[SourceVersion "1"]
[SourceVersionDate "2023.10.19"]
[SourceQuality "1"]

1. d4 Nf6 2. c4 g6 3. Nc3 Bg7 4. e4 d6 5. f3 0-0 6. Be3 Nbd7 7. Bd3 c5 8. Nge2 cxd4 9. Nxd4 e6 10. 0-0 d5 11. exd5 exd5 12. Qd2 Ne5 13. c5 Nfd7 14. Be2 Nxc5 15. Ndb5 b6 16. Nxd5 Bb7 17. Rad1 Qxd5 18. Qxd5 Bxd5 19. Rxd5 Nc6 20. Rd2 Rae8 21. Bf4 Rd8 22. Rfd1 Rxd2 23. Rxd2 Ne6 24. Bg3 Ncd4 25. Nxd4 Bxd4+ 26. Bf2 Bxf2+ 27. Kxf2 Rc8 28. Ke3 Kg7 29. f4 Kf6 1/2-1/2

[Event "SA-2019-0-00683"]
[Site "LSS email"]
[Date "2019.05.18"]
[Round "?"]
[White "Egorov, Vladimir Al"]
[Black "Khlopov, Sergej"]
[Result "0-1"]
[WhiteElo "1964"]
[BlackElo "2265"]
[PlyCount "28"]
[EventDate "2019.04.17"]
[EventType "tourn (corr)"]
[EventRounds "6"]
[EventCountry "GER"]
[SourceTitle "Corr 2022"]
[Source "ChessBase"]
[SourceDate "2021.10.24"]
[SourceVersion "1"]
[SourceVersionDate "2021.10.24"]
[SourceQuality "1"]

1. d4 d5 2. Nf3 c6 3. c4 Nf6 4. Qc2 e6 5. Bf4 dxc4 6. Qxc4 b5 7. Qb3 Bb7 8. e3 Be7 9. Be2 Nbd7 10. Nbd2 a6 11. a4 0-0 12. 0-0 Rc8 13. Ne5 Nxe5 14. Bxe5 Nd7 0-1

[Event "SA-2019-0-00683"]
[Site "LSS email"]
[Date "2019.05.18"]
[Round "?"]
[White "Wernikiewicz, Zbigniew"]
[Black "Egorov, Vladimir Al"]
[Result "1-0"]
[WhiteElo "2254"]
[BlackElo "1964"]
[PlyCount "31"]
[EventDate "2019.04.17"]
[EventType "tourn (corr)"]
[EventRounds "6"]
[EventCountry "GER"]
[SourceTitle "Corr 2022"]
[Source "ChessBase"]
[SourceDate "2021.10.24"]
[SourceVersion "1"]
[SourceVersionDate "2021.10.24"]
[SourceQuality "1"]

1. e4 c6 2. d4 d5 3. exd5 cxd5 4. Bd3 Nc6 5. c3 Nf6 6. Bf4 Bg4 7. Qb3 Qd7 8. Nd2 e6 9. Ngf3 Bxf3 10. Nxf3 Bd6 11. Bxd6 Qxd6 12. 0-0 Qc7 13. Rfe1 0-0 14. Qd1 Rab8 15. h3 a6 16. Qe2 1-0

[Event "SB-2019-0-00572"]
[Site "LSS email"]
[Date "2019.05.13"]
[Round "?"]
[White "Egorov, Vladimir Al"]
[Black "Borisovs, Leonids"]
[Result "0-1"]
[WhiteElo "1956"]
[BlackElo "2151"]
[PlyCount "30"]
[EventDate "2019.04.02"]
[EventType "tourn (corr)"]
[EventRounds "6"]
[EventCountry "GER"]
[SourceTitle "Corr 2022"]
[Source "ChessBase"]
[SourceDate "2021.10.24"]
[SourceVersion "1"]
[SourceVersionDate "2021.10.24"]
[SourceQuality "1"]

1. d4 Nf6 2. c4 g6 3. Nc3 Bg7 4. e4 d6 5. Bd3 0-0 6. Nge2 c5 7. d5 e6 8. 0-0 exd5 9. exd5 Ng4 10. Ng3 f5 11. Be2 Ne5 12. f4 Nf7 13. Bd2 Na6 14. Qb3 Nc7 15. Nh1 Rb8 0-1

[Event "SB-2019-0-00572"]
[Site "LSS email"]
[Date "2019.05.13"]
[Round "?"]
[White "Kulakiewicz, Mariusz"]
[Black "Egorov, Vladimir Al"]
[Result "1-0"]
[WhiteElo "2001"]
[BlackElo "1956"]
[PlyCount "33"]
[EventDate "2019.04.02"]
[EventType "tourn (corr)"]
[EventRounds "6"]
[EventCountry "GER"]
[SourceTitle "Corr 2022"]
[Source "ChessBase"]
[SourceDate "2021.10.24"]
[SourceVersion "1"]
[SourceVersionDate "2021.10.24"]
[SourceQuality "1"]

1. e4 c6 2. d4 d5 3. f3 e6 4. Nc3 Bb4 5. Bf4 Ne7 6. Qd3 b6 7. Nge2 Ba6 8. Qe3 0-0 9. a3 Bd6 10. Bxd6 Qxd6 11. Ng3 Bxf1 12. Rxf1 Nd7 13. e5 Qc7 14. f4 c5 15. Nce2 Nc6 16. c3 f6 17. exf6 1-0

[Event "SA-2019-0-00679"]
[Site "LSS email"]
[Date "2019.04.17"]
[Round "?"]
[White "Egorov, Vladimir Al"]
[Black "Vieth, Martin"]
[Result "0-1"]
[WhiteElo "1962"]
[BlackElo "2035"]
[PlyCount "39"]
[EventDate "2019.03.18"]
[EventType "tourn (corr)"]
[EventRounds "6"]
[EventCountry "GER"]
[SourceTitle "Corr 2022"]
[Source "ChessBase"]
[SourceDate "2021.10.24"]
[SourceVersion "1"]
[SourceVersionDate "2021.10.24"]
[SourceQuality "1"]

1. d4 e6 2. c4 Nf6 3. Nf3 d5 4. Nc3 c6 5. e3 Nbd7 6. Qc2 Bd6 7. g4 h6 8. Bd2 dxc4 9. Bxc4 b5 10. Be2 Bb7 11. e4 b4 12. Na4 Be7 13. e5 Nd5 14. 0-0 h5 15. g5 c5 16. Nxc5 Nxc5 17. dxc5 0-0 18. g6 Rc8 19. c6 Bxc6 20. gxf7+ 0-1

[Event "SA-2019-0-00679"]
[Site "LSS email"]
[Date "2019.04.17"]
[Round "?"]
[White "Pilgram, Kurt"]
[Black "Egorov, Vladimir Al"]
[Result "1-0"]
[WhiteElo "2193"]
[BlackElo "1962"]
[PlyCount "43"]
[EventDate "2019.03.18"]
[EventType "tourn (corr)"]
[EventRounds "6"]
[EventCountry "GER"]
[SourceTitle "Corr 2022"]
[Source "ChessBase"]
[SourceDate "2021.10.24"]
[SourceVersion "1"]
[SourceVersionDate "2021.10.24"]
[SourceQuality "1"]

1. Nf3 Nf6 2. c4 c5 3. Nc3 Nc6 4. g3 g6 5. Bg2 Bg7 6. d4 cxd4 7. Nxd4 0-0 8. 0-0 Nxd4 9. Qxd4 d6 10. Qd3 Bf5 11. e4 Bd7 12. b3 Re8 13. Be3 Ng4 14. Bd4 Qa5 15. Bxg7 Kxg7 16. h3 Nf6 17. Kh2 Rad8 18. f4 a6 19. Qe3 Bc6 20. a3 Qc7 21. Nd5 Nxd5 22. cxd5 1-0

[Event "SB-2019-0-00566"]
[Site "LSS email"]
[Date "2019.03.09"]
[Round "?"]
[White "Egorov, Vladimir Al"]
[Black "Bujdak, Pavel"]
[Result "0-1"]
[WhiteElo "1929"]
[BlackElo "1972"]
[PlyCount "58"]
[EventDate "2019.01.27"]
[EventType "tourn (corr)"]
[EventRounds "6"]
[EventCountry "GER"]
[SourceTitle "Corr 2022"]
[Source "ChessBase"]
[SourceDate "2021.10.24"]
[SourceVersion "1"]
[SourceVersionDate "2021.10.24"]
[SourceQuality "1"]

1. d4 d6 2. e4 g6 3. Nc3 Bg7 4. Nge2 Nd7 5. Be3 c6 6. f3 Ngf6 7. g4 b5 8. g5 Nh5 9. Ng3 Nxg3 10. hxg3 b4 11. Ne2 a5 12. a3 Ba6 13. Nf4 Bxf1 14. Kxf1 c5 15. dxc5 dxc5 16. Rb1 h6 17. gxh6 Rxh6 18. Kg2 Rxh1 19. Qxh1 e6 20. Nd3 c4 21. Nf2 c3 22. b3 bxa3 23. Ra1 Bf8 24. Bh6 Bb4 25. Bc1 Qe7 26. e5 Nb6 27. Ne4 Kd7 28. Bg5 Qf8 29. Qf1 Nd5 0-1

[Event "SB-2019-0-00566"]
[Site "LSS email"]
[Date "2019.03.09"]
[Round "?"]
[White "Sternik, Ryszard"]
[Black "Egorov, Vladimir Al"]
[Result "1-0"]
[WhiteElo "1996"]
[BlackElo "1929"]
[PlyCount "56"]
[EventDate "2019.01.27"]
[EventType "tourn (corr)"]
[EventRounds "6"]
[EventCountry "GER"]
[SourceTitle "Corr 2022"]
[Source "ChessBase"]
[SourceDate "2021.10.24"]
[SourceVersion "1"]
[SourceVersionDate "2021.10.24"]
[SourceQuality "1"]

1. b4 d5 2. Bb2 Qd6 3. a3 e5 4. e3 Be6 5. Nf3 Nd7 6. d4 e4 7. Nfd2 Be7 8. c4 c6 9. Nc3 Nh6 10. Be2 0-0 11. a4 f5 12. b5 Nf6 13. 0-0 Nfg4 14. g3 f4 15. Ndxe4 dxe4 16. Nxe4 Qd7 17. exf4 Bf5 18. Ng5 Nf7 19. Nf3 a5 20. Rc1 Rac8 21. Ne1 Rfe8 22. Nd3 Qe6 23. Re1 Qg6 24. Bf1 Qh6 25. h3 Nf6 26. Kh2 g5 27. c5 Nd5 28. Qf3 Rf8 1-0

[Event "SA-2019-0-00669"]
[Site "LSS email"]
[Date "2019.02.09"]
[Round "?"]
[White "Egorov, Vladimir Al"]
[Black "Susla, Vitaliy"]
[Result "0-1"]
[WhiteElo "1918"]
[BlackElo "2323"]
[PlyCount "76"]
[EventDate "2019.01.18"]
[EventType "tourn (corr)"]
[EventRounds "6"]
[EventCountry "GER"]
[SourceTitle "Corr 2022"]
[Source "ChessBase"]
[SourceDate "2021.10.24"]
[SourceVersion "1"]
[SourceVersionDate "2021.10.24"]
[SourceQuality "1"]

1. d4 Nf6 2. c4 g6 3. Nc3 Bg7 4. e4 d6 5. Nf3 0-0 6. Be2 e5 7. Be3 Nc6 8. d5 Ne7 9. Nd2 Ne8 10. 0-0 f5 11. f3 c5 12. Rb1 h5 13. b4 b6 14. bxc5 bxc5 15. Re1 f4 16. Bf2 g5 17. Rb2 Rf7 18. Qa4 Bd7 19. Qa6 g4 20. Reb1 g3 21. hxg3 fxg3 22. Bxg3 Ng6 23. Bf2 Nf4 24. Bf1 Bh6 25. Nb5 Rg7 26. Kh1 Qf6 27. Qb7 Nh3 28. gxh3 Bxd2 29. Rb3 Bg4 30. Qxg7+ Nxg7 31. hxg4 hxg4 32. Bg2 Rf8 33. Kg1 g3 34. Bxg3 Qg5 35. Be1 Bxe1 36. Rxe1 Nh5 37. Rb2 Nf4 38. Reb1 Nd3 0-1

[Event "SA-2019-0-00669"]
[Site "LSS email"]
[Date "2019.02.09"]
[Round "?"]
[White "Salzmann, Stefan"]
[Black "Egorov, Vladimir Al"]
[Result "1/2-1/2"]
[WhiteElo "2225"]
[BlackElo "1918"]
[PlyCount "53"]
[EventDate "2019.01.18"]
[EventType "tourn (corr)"]
[EventRounds "6"]
[EventCountry "GER"]
[SourceTitle "Corr 2022"]
[Source "ChessBase"]
[SourceDate "2021.10.24"]
[SourceVersion "1"]
[SourceVersionDate "2021.10.24"]
[SourceQuality "1"]

1. f4 d5 2. Nf3 g6 3. g3 Bg7 4. Bg2 c5 5. d3 Nc6 6. 0-0 Nf6 7. c3 0-0 8. Na3 Rb8 9. Ne5 Qc7 10. Nxc6 Qxc6 11. e4 dxe4 12. dxe4 Nxe4 13. Nb1 Be6 14. Qe1 f5 15. Nd2 Bd5 16. Nxe4 fxe4 17. Qf2 e5 18. Qc2 Rbe8 19. Re1 c4 20. fxe5 Bxe5 21. Bh6 Rf7 22. Bxe4 Bxc3 23. Rad1 Bxe4 24. Qxc3 Qb6+ 25. Rd4 Qf6 26. Bf4 Bc6 27. Rxe8+ 1/2-1/2

[Event "SB-2019-0-00559"]
[Site "LSS email"]
[Date "2019.01.06"]
[Round "?"]
[White "Egorov, Vladimir Al"]
[Black "Bujdak, Pavel"]
[Result "1/2-1/2"]
[WhiteElo "1887"]
[BlackElo "1971"]
[PlyCount "92"]
[EventDate "2018.11.28"]
[EventType "tourn (corr)"]
[EventRounds "6"]
[EventCountry "GER"]
[SourceTitle "Corr 2022"]
[Source "ChessBase"]
[SourceDate "2021.10.24"]
[SourceVersion "1"]
[SourceVersionDate "2021.10.24"]
[SourceQuality "1"]

1. d4 d6 2. e4 g6 3. Nc3 a6 4. f4 b5 5. Nf3 Bg7 6. Bd3 Bb7 7. 0-0 Nd7 8. a4 b4 9. Ne2 Ngf6 10. e5 Nd5 11. Ng5 e6 12. Ng3 Ne7 13. f5 exf5 14. e6 Bxd4+ 15. Kh1 Ne5 16. Be4 Bxe4 17. N3xe4 fxe4 18. exf7+ Kd7 19. Qxd4 Nf5 20. Qxe4 Qf6 21. Bf4 Nxf7 22. Nxf7 Qxf7 23. g4 Ne7 24. Rad1 Qe6 25. Rxd6+ cxd6 26. Qb7+ Kd8 27. Qxa8+ Qc8 28. Qe4 Qc6 29. Qxc6 Nxc6 30. Rd1 Ke7 31. Rxd6 Rc8 32. Rd2 Ke6 33. Kg2 Ne7 34. Kf3 h5 35. Rd6+ Kf7 36. gxh5 gxh5 37. Rxa6 Rxc2 38. Bd6 Ke8 39. Bxb4 Rxb2 40. Ra8+ Kf7 41. Bxe7 Kxe7 42. h4 Rb4 43. a5 Ra4 44. a6 Kf7 45. a7 Kg7 46. Kg3 Rg4+ 1/2-1/2

[Event "SB-2018-0-00550"]
[Site "LSS email"]
[Date "2018.10.29"]
[Round "?"]
[White "Egorov, Vladimir Al"]
[Black "Langheld, Werner"]
[Result "0-1"]
[WhiteElo "1947"]
[BlackElo "1921"]
[PlyCount "74"]
[EventDate "2018.09.22"]
[EventType "tourn (corr)"]
[EventRounds "6"]
[EventCountry "GER"]
[SourceTitle "Corr 2022"]
[Source "ChessBase"]
[SourceDate "2021.10.24"]
[SourceVersion "1"]
[SourceVersionDate "2021.10.24"]
[SourceQuality "1"]

1. d4 c5 2. d5 Nf6 3. Nc3 d6 4. e4 g6 5. Bb5+ Bd7 6. a4 Bg7 7. Nf3 0-0 8. 0-0 Bxb5 9. axb5 Nbd7 10. Qe2 Ne8 11. Bd2 Nc7 12. Rfe1 Re8 13. Ra5 Qb8 14. h3 a6 15. bxa6 Rxa6 16. Rxa6 bxa6 17. b3 Qb7 18. Nd1 e6 19. dxe6 Nxe6 20. Bc3 Nf4 21. Qd2 Bh6 22. Kh2 Rxe4 23. Qxd6 Rxe1 24. Bxe1 Nd5 25. Bd2 Bf8 26. Qg3 Qb8 27. Qxb8 Nxb8 28. Kg1 Nc6 29. Kf1 f6 30. Ke2 Kf7 31. Nb2 Ke6 32. Na4 Kd7 33. g3 Kc7 34. Bc1 Na5 35. Ba3 Nb4 36. c3 Nd5 37. Kd3 Kc6 0-1

[Event "SA-2018-0-00653"]
[Site "LSS email"]
[Date "2018.10.11"]
[Round "?"]
[White "Koch, Christian"]
[Black "Egorov, Vladimir Al"]
[Result "1/2-1/2"]
[WhiteElo "2298"]
[BlackElo "1975"]
[PlyCount "77"]
[EventDate "2018.09.04"]
[EventType "tourn (corr)"]
[EventRounds "6"]
[EventCountry "GER"]
[SourceTitle "Corr 2022"]
[Source "ChessBase"]
[SourceDate "2021.10.24"]
[SourceVersion "1"]
[SourceVersionDate "2021.10.24"]
[SourceQuality "1"]

1. e4 c6 2. d4 d5 3. e5 Bf5 4. Nf3 e6 5. Be2 Ne7 6. 0-0 c5 7. c4 Nbc6 8. Na3 a6 9. dxc5 d4 10. Qa4 Ng6 11. Rd1 Bxc5 12. b4 Ba7 13. c5 0-0 14. Nc4 d3 15. Bg5 Qd5 16. Ne3 Qe4 17. Bxd3 Qxb4 18. Qxb4 Nxb4 19. Bxf5 exf5 20. h4 Rfe8 21. Nxf5 h6 22. Bd2 Bxc5 23. Nd6 Re7 24. Ne4 b6 25. Nxc5 bxc5 26. Bc3 Nc2 27. Rac1 Nd4 28. Nxd4 cxd4 29. Rxd4 Rc8 30. Bb2 Rxc1+ 31. Bxc1 h5 32. g3 Nxe5 33. Rd5 Ng4 34. Kf1 Rc7 35. Bd2 Rc2 36. f3 Ne5 37. Rxe5 Rxd2 38. Ra5 Rd6 39. Ke2 1/2-1/2

[Event "SB-2018-0-00548"]
[Site "LSS email"]
[Date "2018.10.07"]
[Round "?"]
[White "Egorov, Vladimir Al"]
[Black "Stancl, Vladimir"]
[Result "1/2-1/2"]
[WhiteElo "2030"]
[BlackElo "2062"]
[PlyCount "56"]
[EventDate "2018.08.21"]
[EventType "tourn (corr)"]
[EventRounds "6"]
[EventCountry "GER"]
[SourceTitle "Corr 2022"]
[Source "ChessBase"]
[SourceDate "2021.10.24"]
[SourceVersion "1"]
[SourceVersionDate "2021.10.24"]
[SourceQuality "1"]

1. d4 Nf6 2. c4 e6 3. Nf3 b6 4. a3 Bb7 5. Nc3 d5 6. cxd5 Nxd5 7. Qc2 Nxc3 8. bxc3 Be7 9. e4 0-0 10. Bd3 c5 11. 0-0 Qc7 12. Qe2 Nc6 13. d5 Na5 14. c4 Nb3 15. Rb1 Nxc1 16. Rfxc1 g6 17. a4 Rab8 18. Re1 Rfe8 19. Qa2 f6 20. h4 Bd6 21. Qb2 Qg7 22. Qd2 Bc8 23. e5 Bxe5 24. Nxe5 fxe5 25. d6 Rd8 26. Be4 Bb7 27. Rbd1 Bxe4 28. Rxe4 Rd7 1/2-1/2

[Event "SB-2018-0-00547"]
[Site "LSS email"]
[Date "2018.10.01"]
[Round "?"]
[White "Egorov, Vladimir Al"]
[Black "Laine, Jari"]
[Result "1/2-1/2"]
[WhiteElo "2062"]
[BlackElo "2019"]
[PlyCount "72"]
[EventDate "2018.08.06"]
[EventType "tourn (corr)"]
[EventRounds "6"]
[EventCountry "GER"]
[SourceTitle "Corr 2022"]
[Source "ChessBase"]
[SourceDate "2021.10.24"]
[SourceVersion "1"]
[SourceVersionDate "2021.10.24"]
[SourceQuality "1"]

1. d4 d5 2. Nf3 Nf6 3. c4 e6 4. Nc3 c5 5. cxd5 exd5 6. g3 Nc6 7. Bg2 Be7 8. 0-0 0-0 9. Bg5 c4 10. Ne5 Be6 11. Nxc6 bxc6 12. b3 h6 13. Bxf6 Bxf6 14. bxc4 dxc4 15. e3 c5 16. Ne4 cxd4 17. Nxf6+ gxf6 18. exd4 Rc8 19. d5 Bd7 20. Qd4 Qb6 21. Qc3 Rfe8 22. Rab1 Qd6 23. Rb7 Bf5 24. h4 Qe5 25. Rc1 Qxc3 26. Rxc3 Re1+ 27. Kh2 Re2 28. g4 Bxg4 29. Kg3 Bh5 30. Rxa7 Kh7 31. Bf3 Bxf3 32. Kxf3 Rd2 33. h5 Rxd5 34. Rxf7+ Kh8 35. Rxf6 Rxh5 36. Ke3 Kg7 1/2-1/2

[Event "CP-2018-P-00008"]
[Site "LSS email"]
[Date "2018.09.27"]
[Round "?"]
[White "Boni, Roberto"]
[Black "Egorov, Vladimir Al"]
[Result "1/2-1/2"]
[WhiteElo "2079"]
[BlackElo "1923"]
[PlyCount "90"]
[EventDate "2018.10.01"]
[EventType "tourn (corr)"]
[EventRounds "6"]
[EventCountry "GER"]
[SourceTitle "Corr 2022"]
[Source "ChessBase"]
[SourceDate "2021.10.24"]
[SourceVersion "1"]
[SourceVersionDate "2021.10.24"]
[SourceQuality "1"]

1. e4 c6 2. d4 d5 3. e5 Bf5 4. Nf3 e6 5. Be2 Nd7 6. 0-0 Bg6 7. Nbd2 Nh6 8. Nb3 Nf5 9. Bd2 h6 10. Rc1 Nb6 11. Ba5 Qc8 12. h3 Nc4 13. Bc3 Be7 14. Bd3 h5 15. Qe2 Nb6 16. Ba5 Na4 17. c4 dxc4 18. Rxc4 Nb6 19. Rcc1 Nd5 20. Bd2 Qd8 21. Be4 0-0 22. Rfd1 Rc8 23. Nc5 Rc7 24. a3 b6 25. Nd3 Nh4 26. Nxh4 Bxe4 27. Qxe4 Bxh4 28. Nb4 a5 29. Nxd5 cxd5 30. Qe2 g6 31. g3 Be7 32. Qa6 Rc8 33. Rf1 Ra8 34. Qb5 a4 35. Rc3 Qe8 36. Qd3 Kg7 37. Rfc1 Ra7 38. h4 b5 39. Qe3 Rh8 40. Qf4 Qd7 41. Kg2 Rb7 42. Rc6 Qd8 43. R6c3 Qd7 44. Rc6 Qd8 45. R6c3 Qd7 1/2-1/2

[Event "CP-2018-P-00008"]
[Site "LSS email"]
[Date "2018.09.27"]
[Round "?"]
[White "Egorov, Vladimir Al"]
[Black "Laffont, Jose Eduardo Alfred"]
[Result "1/2-1/2"]
[WhiteElo "1923"]
[BlackElo "1872"]
[PlyCount "111"]
[EventDate "2018.10.01"]
[EventType "tourn (corr)"]
[EventRounds "6"]
[EventCountry "GER"]
[SourceTitle "Corr 2022"]
[Source "ChessBase"]
[SourceDate "2021.10.24"]
[SourceVersion "1"]
[SourceVersionDate "2021.10.24"]
[SourceQuality "1"]

1. d4 Nf6 2. c4 e6 3. Nf3 d5 4. Nc3 c6 5. e3 Nbd7 6. Qc2 Bd6 7. Bd3 0-0 8. 0-0 dxc4 9. Bxc4 b5 10. Be2 Bb7 11. e4 e5 12. Rd1 Qb8 13. dxe5 Nxe5 14. Nd4 Re8 15. f4 b4 16. Na4 c5 17. fxe5 Rxe5 18. Nb5 Bxe4 19. Qc4 Bd5 20. Rxd5 Rxd5 21. Nxd6 Qxd6 22. Bf4 Qe6 23. Rf1 Re8 24. Bf3 Rd4 25. Qxe6 Rxe6 26. Bb8 Nd7 27. Bxa7 Ra6 28. Bxc5 Nxc5 29. Nxc5 Rxa2 30. Rc1 g6 31. Rc2 Rd8 32. Nb3 Kg7 33. Be2 Raa8 34. Nc1 Rac8 35. Bc4 g5 36. b3 Rd1+ 37. Kf2 f5 38. Ne2 Rdd8 39. Ng3 Kf6 40. h3 Re8 41. Nf1 f4 42. g3 Re4 43. gxf4 Rxf4+ 44. Kg2 Ke5 45. Re2+ Kd4 46. Rc2 Rc5 47. Nh2 Rcf5 48. Ng4 Rc5 49. Rd2+ Kc3 50. Rd3+ Kb2 51. Ne3 Re4 52. Rd2+ Kc1 53. Rd1+ Kb2 54. Rd2+ Kc1 55. Rd1+ Kb2 56. Rd2+ 1/2-1/2

[Event "CP-2018-P-00008"]
[Site "LSS email"]
[Date "2018.09.27"]
[Round "?"]
[White "Egorov, Vladimir Al"]
[Black "Zmolil, Karel"]
[Result "1-0"]
[WhiteElo "1923"]
[BlackElo "1219"]
[PlyCount "43"]
[EventDate "2018.10.01"]
[EventType "tourn (corr)"]
[EventRounds "6"]
[EventCountry "GER"]
[SourceTitle "Corr 2022"]
[Source "ChessBase"]
[SourceDate "2021.10.24"]
[SourceVersion "1"]
[SourceVersionDate "2021.10.24"]
[SourceQuality "1"]

1. d4 d5 2. Nf3 Nf6 3. c4 e6 4. Nc3 Be7 5. cxd5 exd5 6. Bg5 h6 7. Bh4 0-0 8. e3 Be6 9. Bd3 Nbd7 10. 0-0 c6 11. h3 Re8 12. Bg3 Nf8 13. a3 Qd7 14. Ne5 Qd8 15. Qc2 N6d7 16. Rad1 Nxe5 17. dxe5 f6 18. exf6 Bxf6 19. e4 d4 20. Ne2 Qb6 21. e5 Bb3 22. Bc4+ 1-0

[Event "CP-2018-P-00008"]
[Site "LSS email"]
[Date "2018.09.27"]
[Round "?"]
[White "Granara Barreto, Sebastian"]
[Black "Egorov, Vladimir Al"]
[Result "0-1"]
[WhiteElo "1902"]
[BlackElo "1923"]
[PlyCount "108"]
[EventDate "2018.10.01"]
[EventType "tourn (corr)"]
[EventRounds "6"]
[EventCountry "GER"]
[SourceTitle "Corr 2022"]
[Source "ChessBase"]
[SourceDate "2021.10.24"]
[SourceVersion "1"]
[SourceVersionDate "2021.10.24"]
[SourceQuality "1"]

1. Nf3 d5 2. c4 d4 3. b4 f6 4. Na3 e5 5. Nc2 Na6 6. Rb1 Bd7 7. d3 Ba4 8. a3 c5 9. b5 Nc7 10. g3 Bd6 11. Bg2 Ne7 12. 0-0 Rb8 13. e3 0-0 14. Qe2 Qd7 15. Rb2 a6 16. b6 Ne6 17. e4 Kh8 18. Bd2 g5 19. Nfe1 Ng7 20. Bf3 Ng6 21. Na1 Qd8 22. Nec2 h5 23. Bxh5 Nxh5 24. Qxh5+ Kg7 25. Qe2 Rh8 26. f3 Rh3 27. Rf2 Be7 28. Qf1 Qd7 29. Nb3 Rbh8 30. Nca1 Kg8 31. Bc1 R3h7 32. Bd2 Qd6 33. Qb1 Qe6 34. Be1 f5 35. exf5 Qxf5 36. Nd2 g4 37. fxg4 Qxg4 38. Rg2 e4 39. Nxe4 Ne5 40. Rbf2 Nf3+ 41. Rxf3 Qxf3 42. Qc1 Qxd3 43. Nxc5 Bxc5 44. Qg5+ Rg7 45. Qd8+ Bf8 46. Rf2 Rf7 47. Qg5+ Bg7 48. Qd8+ Rf8 49. Rxf8+ Bxf8 50. Qd5+ Kg7 51. Qe5+ Kf7 52. Qxh8 Qe3+ 53. Kf1 Qf3+ 54. Kg1 Bc6 0-1